| 000 | 01718nam a2200301 i 4500 | ||
|---|---|---|---|
| 001 | 000017909 | ||
| 003 | DO-SdBNP | ||
| 005 | 20240709085706.0 | ||
| 007 | ta | ||
| 008 | 100407s2001 dr ac gr 000 0dspa d | ||
| 020 | _a9993401641 | ||
| 040 |
_aDO-SdBNP _bspa _cBNPHU _erda |
||
| 082 | 4 |
_a929.817293 _bM385p _222 |
|
| 100 | 1 |
_aMartínez, Carlos T., _d1945- _929205 _eautor |
|
| 245 | 1 | 0 |
_aPremios Casandra : _bhistoria de Acroarte / _cCarlos T. Martínez ; prólogo, Francisco Álvarez Castellano. |
| 264 | 1 |
_aSanto Domingo : _bCATEMAR, _c2001 |
|
| 300 |
_a188 páginas : _bilustraciones, retratos ; _c23 cm. |
||
| 336 |
_2rdacontent _atexto _btxt |
||
| 337 |
_2rdamedia _asin mediación _bn |
||
| 338 |
_2rdacarrier _avolumen _bnc |
||
| 500 | _aIncluye datos biográficos del autor en las solapas de las cubiertas. | ||
| 505 |
_aPrólogo. _tMística de la Asociación de Cronistas de Arte.-- _tDel Grupo de amigos a la Asociación.-- _tLa idea de Fundar ACROARTE.-- _tLa idea de El Casandra.-- _tUna semblanza.-- _tLa premiación de El Casandra.-- _tLa Cervecería y el Casandra.-- _tCriterios para la selección de los ganadores del El Casandra.-- _tReglamentos de los Premios Casandra.-- _tDesglose de los galardonado en las diferentes entregas de El Casandra.-- _t1985.-- _tUn incidente engorroso.-- _t1987: otro encontronazo.-- _tEl Soberano.-- _tCrónica de un¨juicio¨ prejuiciado.-- _tEl futuro de ACROARTE.-- _tReelección.-- _tLas filiales.-- _tNegros Nubarrones. |
||
| 590 | _aInventariado 2024 / MF | ||
| 650 | 4 |
_aPremios Casandra _xHistoria _938855 _zRepública Dominicana |
|
| 650 | 4 |
_aAcroarte _xHistoria _938856 _zRepública Dominicana |
|
| 700 | 1 |
_aÁlvarez Castellanos, Francisco, _eprólogo _930511 |
|
| 942 |
_2ddc _cLBS1 |
||
| 999 |
_c17433 _d17433 |
||